Objetivos conductuales y medidas de evaluación/ (Registro nro. 8610)
[ vista simple ]
| 000 -LEADER | |
|---|---|
| fixed length control field | 01242nam a2200217Ia 4500 |
| 005 - FECHA Y HORA DE LA ÚLTIMA TRANSACCIÓN | |
| control field | 20241212115253.0 |
| 008 - FIXED-LENGTH DATA ELEMENTS--GENERAL INFORMATION | |
| fixed length control field | 230712s9999 xx 000 0 und d |
| 020 ## - INTERNATIONAL STANDARD BOOK NUMBER | |
| International Standard Book Number | 968-24-0514-9 |
| 040 ## - CATALOGING SOURCE | |
| Original cataloging agency | UPAN |
| Transcribing agency | Biblioteca San Vicente |
| Description conventions | RCAA2 |
| 041 ## - LANGUAGE CODE | |
| Language code of text/sound track or separate title | spa |
| 082 ## - DEWEY DECIMAL CLASSIFICATION NUMBER | |
| Classification number | 371.26 |
| Item number | S863o |
| año de publicación | 1975 |
| 100 ## - MAIN ENTRY--PERSONAL NAME | |
| Personal name | B.Sund, Robert |
| Relator code | aut. |
| 245 #0 - TITLE STATEMENT | |
| Title | Objetivos conductuales y medidas de evaluación/ |
| Statement of responsibility, etc | Robert B.Sund. |
| 250 ## - EDITION STATEMENT | |
| Edition statement | 1ª reim |
| 260 ## - PUBLICATION, DISTRIBUTION, ETC. (IMPRINT) | |
| Place of publication, distribution, etc | Mexico: |
| Name of publisher, distributor, etc | Trillas, |
| Date of publication, distribution, etc | 1975 |
| 300 ## - PHYSICAL DESCRIPTION | |
| Extent | 230 p.; |
| Dimensions | 23 cm. |
| 505 ## - FORMATTED CONTENTS NOTE | |
| Formatted contents note | CAP. 1 Lugar de los objetivos conductuales. <br/>CAP. 2 Metas de las ciencias y las matemáticas. <br/>CAP. 3 Objetivos conductuales de la resolución de problemas. <br/>CAP. 4 Redacción de objetivos conductuales. <br/>CAP. 5 Redacción de objetivos afectivos. <br/>CAP. 6 Lugar de los objetivos conductuales en la formación de planes de estudio. <br/>CAP. 7 Unificación de las ciencias y matemáticas. <br/>CAP. 8 Empleo de inventarios de autoevaluación. <br/>CAP. 9 Evaluación de los estudiantes, hecha por los maestros. <br/>CAP. 10 Muestras de objetivos cognoscitivos y medidas de desempeño. <br/>CAP. 11 Evaluación de otros factores educativos. |
| 650 ## - SUBJECT ADDED ENTRY--TOPICAL TERM | |
| Source of heading or term | LEMB |
| General subdivision | Psicología del Aprendizaje |
| 700 ## - ADDED ENTRY--PERSONAL NAME | |
| Personal name | Anthony J. Picard |
| 942 ## - ADDED ENTRY ELEMENTS (KOHA) | |
| Koha item type | Libros |
| Source of classification or shelving scheme | Dewey Decimal Classification |
| Withdrawn status | Lost status | Source of classification or shelving scheme | Damaged status | Not for loan | Collection code | Home library | Current library | Date acquired | Total Checkouts | Full call number | Barcode | Date last seen | Price effective from | Koha item type |
|---|---|---|---|---|---|---|---|---|---|---|---|---|---|---|
| Dewey Decimal Classification | Colección General | Biblioteca UPAN San Vicente | Biblioteca UPAN San Vicente | 12/07/2023 | 371.26 S863o | 12001274 | 12/07/2023 | 12/07/2023 | Libros |